[Event "Idaho Open"]
[Site "Pocatello, ID"]
[Date "2010.05.02"]
[Round "5.2"]
[White "Abderhalden, Katherine Louise"]
[Black "Owen, Gary"]
[Result "1-0"]
[WhiteElo "1697"]
[BlackElo "1599"]

1. d4 d5 2. Bf4 Nf6 3. Nf3 e6 4. e3 Bd6 5. Bg5 O-O 6. c4 Bb4+ 7. Nc3 c6 8. a3
Be7 9. Bd3 dxc4 10. Bxc4 b5 11. Bd3 Nbd7 12. O-O Nd5 13. Bxe7 Qxe7 14. Qc2
N7f6 15. Rac1 Bd7 16. Ne2 Rac8 17. e4 Nb6 18. e5 Nfd5 19. Bxh7+ Kh8 20. Bd3 g6
21. Nc3 Nf4 22. Ne4 Nxd3 23. Qxd3 Nc4 24. Nf6 Kg7 25. Qc2 Rfd8 26. Rfd1 c5 27.
dxc5 Bc6 28. Qe2 Bxf3 29. gxf3 Nxe5 30. Rxd8 Rxd8 31. Qxe5 Qxf6 32. Qxf6+ Kxf6
33. c6 Rc8 34. Rc5 a6 35. c7 Ke7 36. Rc6 a5 37. Rb6 b4 38. axb4 axb4 39. Rxb4
Rxc7 40. Kg2 Kd6 41. Kg3 Kc5 42. Rb8 Kc6 43. Kf4 Kd7 44. Rb4 Rc2 45. Kg3 f6
46. f4 f5 47. h3 Ke7 48. f3 Kf6 49. Rb6 Rd2 50. b4 Rb2 51. b5 Rb4 52. Rb8 Ke7
53. b6 Kf7 54. b7 Ke7 55. Rg8 Rxb7 56. Rg7+ Kf6 57. Rxb7 g5 58. fxg5+ Kxg5 59.
f4+ Kf6 60. h4 Kg6 61. Rb6 Kh5 62. Kf3 Kxh4 63. Rxe6 {#r} 1-0

[Event "WIO (Open)"]
[Site "Boise, ID"]
[Date "2010.12.11"]
[Round "2.9"]
[White "Abderhalden, Richard Robert"]
[Black "Stewart, David Wayne"]
[Result "0-1"]
[WhiteElo "1550"]
[BlackElo "1632"]

1. e4 c5 2. Nf3 d6 3. Bc4 e6 4. Nc3 a6 5. a3 g6 6. d3 Bg7 7. Be3 Nc6 8. O-O
Nf6 9. d4 cxd4 10. Nxd4 O-O 11. Bg5 Qb6 12. Nxc6 Qxc6 13. Qd3 Ng4 14. Bb3 Qc5
15. Nd1 Qxg5 16. h3 Ne5 17. Qe2 Nc6 18. c3 e5 19. Qf3 Be6 20. Bxe6 fxe6 21.
Qd3 Rad8 22. Ne3 d5 23. Rae1 d4 24. Nc2 dxc3 25. Qxc3 Nd4 26. Rd1 Rc8 {#R} 0-1

[Event "WIO (Open)"]
[Site "Boise, ID"]
[Date "2010.12.12"]
[Round "4.2"]
[White "Douglas, Kurt P"]
[Black "Abderhalden, Katherine Louise"]
[Result "0-1"]
[WhiteElo "1693"]
[BlackElo "1731"]

1. e4 c5 2. Nf3 Nc6 3. d4 cxd4 4. Nxd4 d6 5. Nc3 Nf6 6. Be2 Bd7 7. O-O g6 8.
Be3 Bg7 9. Qd2 O-O 10. h3 Rc8 11. Rad1 a6 12. a4 Qc7 13. f4 Na5 14. e5 dxe5
15. fxe5 Qxe5 16. Nf3 Qc7 17. Nd5 Nxd5 18. Qxd5 Be6 19. Qg5 Nc4 20. Nd4 Nxe3
21. Qxe3 Bc4 22. c3 e6 23. Rf2 Bxe2 24. Rxe2 Qc4 25. Ra1 Rfd8 26. Nf3 Rd6 27.
Qe4 Qd5 28. Qxd5 Rxd5 29. Rc1 Rc4 30. Ra1 Ra5 31. Rd2 Rd5 32. Rxd5 exd5 33.
Kf2 Re4 34. Rd1 Rxa4 35. Rxd5 Ra2 36. Rd8+ Bf8 37. Rd2 Bc5+ 38. Ke2 Kg7 39.
Kd3 h5 40. Ng5 Ra1 41. Ne4 Be7 42. Re2 Rd1+ 43. Kc2 Rd5 44. b3 Re5 45. Kd3 f5
46. Nd2 Rxe2 47. Kxe2 Kf6 48. Kd3 Ke5 49. Nf3+ Kf4 50. Nh4 {#R} 0-1

[Event "WIO (Open)"]
[Site "Boise, ID"]
[Date "2010.12.12"]
[Round "5.8"]
[White "Abderhalden, Richard Robert"]
[Black "Watson, John"]
[Result "0-1"]
[WhiteElo "1550"]
[BlackElo "1463"]

1. e4 d5 2. e5 c5 3. c4 d4 4. d3 Nc6 5. Bf4 e6 6. Nf3 b6 7. Nbd2 g6 8. Ne4 Bb7
9. Qd2 Nb4 10. a3 Bxe4 11. dxe4 Nc6 12. Bd3 Be7 13. O-O h6 14. h3 g5 15. Bh2
h5 16. Kh1 Nh6 17. Be2 g4 18. Ng1 Kd7 19. f4 Qg8 20. g3 h4 21. gxh4 Bxh4 22.
hxg4 Nxg4 23. Bxg4 Qxg4 24. Nf3 Bg3 25. b3 Bxf4 26. Qg2 Qxg2+ 27. Kxg2 Bxh2
28. Nxh2 Nxe5 29. Nf3 Rag8+ 30. Kf2 Nxf3 31. Kxf3 Rh3+ {#R} 0-1

[Event "Idaho Closed"]
[Site "Twin Falls, ID"]
[Date "2011.02.19"]
[Round "1.5"]
[White "Abderhalden, Katherine Louise"]
[Black "Ye, Michael"]
[Result "0-1"]
[WhiteElo "1741"]
[BlackElo "1354"]

1. d4 d5 2. Bf4 Bf5 3. Nf3 Nf6 4. e3 Nh5 5. Bg5 h6 6. Bh4 g5 7. Bg3 Nxg3 8.
fxg3 Bg7 9. Be2 c6 10. O-O Qb6 11. b3 Bh7 12. Qd2 Nd7 13. c4 e5 14. Nc3 dxc4
15. bxc4 g4 16. c5 Qa5 17. Nh4 h5 18. Bc4 O-O 19. Nf5 Bf6 20. Rac1 Bg5 21.
dxe5 Rad8 22. Qe2 Nxe5 23. Bb3 Rd3 24. Kh1 Rxc3 {#R} 0-1

[Event "Idaho Closed"]
[Site "Twin Falls, ID"]
[Date "2011.02.19"]
[Round "2.4"]
[White "Abderhalden, Richard Robert"]
[Black "Douglas, Kurt P"]
[Result "1/2-1/2"]
[WhiteElo "1503"]
[BlackElo "1671"]

1. e4 c5 2. Nf3 d6 3. Bc4 e6 4. Nc3 Nf6 5. d4 cxd4 6. Nxd4 a6 7. Bg5 Be7 8.
O-O O-O 9. Nf3 Qc7 10. Qe2 Nc6 11. Rfe1 b5 12. Bd3 Bb7 13. Rad1 Rac8 14. Nd2
h6 15. Bh4 g5 16. Bg3 Nd4 17. Qf1 e5 18. Rc1 Qd7 19. Ne2 Ne6 20. c4 Nc5 21.
Nc3 Nxd3 22. Qxd3 b4 23. Nd5 Nxd5 24. cxd5 Rxc1 25. Rxc1 Rc8 26. Nc4 Qb5 27.
b3 a5 28. Qe3 Ba6 29. Qe2 Bd8 30. Qh5 Kg7 31. h3 Qd7 32. Kh2 a4 33. Ne3 Rxc1
34. Nf5+ Kg8 35. Nxh6+ Kg7 36. Nf5+ Kg8 37. Nh6+ {#d} 1/2-1/2

[Event "Idaho Closed"]
[Site "Twin Falls, ID"]
[Date "2011.02.19"]
[Round "2.10"]
[White "Patterson, Katie Rae"]
[Black "Abderhalden, Katherine Louise"]
[Result "0-1"]
[WhiteElo "947"]
[BlackElo "1741"]

1. e4 c5 2. Nc3 Nc6 3. Nf3 d6 4. Bc4 Nf6 5. O-O Bg4 6. h3 Bh5 7. d3 e6 8. Bg5
Be7 9. a3 O-O 10. Rb1 Nd7 11. Bxe7 Qxe7 12. b4 Qf6 13. Na2 Nd4 14. Kh2 Qf4+
15. g3 Nxf3+ 16. Kh1 Qf6 17. g4 Bg6 18. Kg2 Nde5 19. Nc3 h5 20. gxh5 Qg5+ 21.
Kh1 Qf4 22. Kg2 Qh2# 0-1